Southville International School and Colleges
Your cart is empty.
  • Cart
  • Lists
    Public lists Eva Luna New books Lux_list list_1
    Your lists Log in to create your own lists
  • Log in to your account
  • Your cookies
  • Search history
Southville International School and Colleges
  • Advanced search
  • Recent comments
  • Most popular
  • Libraries

Log in to your account

Log in with GOOGLE


If you do not have an external account, but do have a local account, you can still log in:

  1. Home
  2. MARC view: A student's writing guide :
Normal view MARC view ISBD view

A student's writing guide : (Record no. 39748)

[ view plain ]
MARC details
000 -LEADER
fixed length control field 00612nam a2200181 a 4500
005 - DATE AND TIME OF LATEST TRANSACTION
control field 20140311163041.0
008 - FIXED-LENGTH DATA ELEMENTS--GENERAL INFORMATION
fixed length control field 111122s19uu xx 00 eng d
020 ## - INTERNATIONAL STANDARD BOOK NUMBER
International Standard Book Number 9780521729796
050 ## - LIBRARY OF CONGRESS CALL NUMBER
Classification number PE 1478
Item number .T37 2009
100 ## - MAIN ENTRY--PERSONAL NAME
Personal name Taylor, Gordon
245 ## - TITLE STATEMENT
Title A student's writing guide :
Remainder of title how to plan and write successful essays /
Statement of responsibility, etc Gordon Taylor.
260 ## - PUBLICATION, DISTRIBUTION, ETC. (IMPRINT)
Place of publication, distribution, etc New York :
Name of publisher, distributor, etc Cambridge University Press,
Date of publication, distribution, etc 2009.
300 ## - PHYSICAL DESCRIPTION
Extent 266 p. :
Dimensions 22 cm.
650 ## - SUBJECT ADDED ENTRY--TOPICAL TERM
Topical term or geographic name as entry element English language
General subdivision Rhetoric
-- handbooks, manuals, etc .
650 ## - SUBJECT ADDED ENTRY--TOPICAL TERM
Topical term or geographic name as entry element Report writing
General subdivision Handbooks, manuals, etc.
942 ## - ADDED ENTRY ELEMENTS (KOHA)
Koha item type Books
Source of classification or shelving scheme Library of Congress Classification
Call number prefix Foreign
Holdings
Withdrawn status Lost status Source of classification or shelving scheme Damaged status Home library Current library Shelving location Date acquired Source of acquisition Total Checkouts Full call number Barcode Date last seen Copy number Price effective from Koha item type
    Library of Congress Classification   College Library College Library General Circulation Section 11/22/2011 Donation   PE 1478 .T37 2009 C14199 05/15/2018 1 10/18/2013 Books

A student's writing guide :

APA

Taylor G., . (2009). A student's writing guide. New York: Cambridge University Press.

Chicago

Taylor Gordon, . 2009. A student's writing guide. New York: Cambridge University Press.

Harvard

Taylor G., . (2009). A student's writing guide. New York: Cambridge University Press.

MLA

Taylor Gordon, . A student's writing guide. New York: Cambridge University Press. 2009.

  • Place hold
  • Print
  • Cite
  • Add to your cart (remove)
  • Save record
    BIBTEX Dublin Core MARCXML MARC (non-Unicode/MARC-8) MARC (Unicode/UTF-8) MARC (Unicode/UTF-8, Standard) MODS (XML) RIS
  • More searches
    Search for this title in:
    Other Libraries (WorldCat) Other Databases (Google Scholar) Online Stores (Bookfinder.com) Open Library (openlibrary.org)

Exporting to Dublin Core...

SOUTHVILLE LIBRARY

Southville International School and Colleges Library

1281 Tropical Ave. Cor. Luxembourg St., BF Homes International, Las Pinas City

Tel. No. 8256374 / 252358 Loc. 117/146

Powered by Koha